[Event "Subotica Autumn op"]
[Site "Subotica"]
[Date "2011.12.04"]
[Round "2"]
[White "Kler, Borko"]
[Black "Mester, Robert"]
[Result "1-0"]
[WhiteElo "2176"]
[BlackElo "1953"]
[PlyCount "130"]
[EventDate "2011.12.03"]
[EventType "swiss"]
[EventRounds "9"]
[EventCountry "SRB"]
[SourceTitle "CBM 145 Extra"]
[Source "ChessBase"]
[SourceDate "2012.01.03"]
[SourceVersion "1"]
[SourceVersionDate "2012.01.03"]
[SourceQuality "1"]

1. e4 d5 2. exd5 Qxd5 3. Nc3 Qa5 4. d4 e5 5. Qe2 Bd6 6. Nf3 Bg4 7. dxe5 Bxf3 8. gxf3 Qxe5 9. Nb5 Nc6 10. Nxd6+ cxd6 11. Bf4 Qxe2+ 12. Bxe2 0-0-0 13. 0-0-0 d5 14. Rhg1 g6 15. Bb5 f6 16. Rge1 Nge7 17. Re6 Rhf8 18. c4 dxc4 19. Rxd8+ Kxd8 20. Bxc4 Nc8 21. Bh6 Re8 22. Rxf6 Ne5 23. Bd5 Ne7 24. Bf7 Ng8 25. Bxg8 Rxg8 26. Bg5 Kd7 27. f4 Nd3+ 28. Kc2 Nxf2 29. Rf7+ Kc6 30. Rxh7 Ng4 31. h4 Ne3+ 32. Kd3 Nf5 33. Rf7 Nd6 34. Rh7 a5 35. Kd4 b5 36. b3 Re8 37. Kd3 Nf5 38. h5 gxh5 39. Rxh5 Re3+ 40. Kd2 Rf3 41. Bh6 Nd6 42. Ke2 Rc3 43. Bf8 Ne4 44. Re5 Ng3+ 45. Kf2 Nh1+ 46. Kg2 Ng3 47. Ba3 a4 48. Bb4 Rd3 49. bxa4 bxa4 50. Be1 Nf1 51. Kxf1 Rf3+ 52. Ke2 Rxf4 53. a3 Kb6 54. Bb4 Rf7 55. Kd3 Rf3+ 56. Kc4 Rf4+ 57. Kd5 Kb5 58. Kd6+ Kc4 59. Kc6 Rf6+ 60. Bd6 Kb3 61. Rb5+ Ka2 62. Rb6 Rf3 63. Ra6 Kb3 64. Kb5 Rf5+ 65. Bc5 Rh5 1-0

[Event "Subotica-ch"]
[Site "Subotica"]
[Date "2008.02.29"]
[Round "6"]
[White "Mester, Robert"]
[Black "Kosa, Jeno"]
[Result "0-1"]
[WhiteElo "1988"]
[BlackElo "2136"]
[PlyCount "58"]
[EventDate "2008.02.18"]
[EventType "swiss"]
[EventRounds "9"]
[EventCountry "YUG"]
[SourceTitle "CBM 123 Extra"]
[Source "ChessBase"]
[SourceDate "2008.05.06"]
[SourceVersion "1"]
[SourceVersionDate "2008.05.06"]
[SourceQuality "1"]

1. e4 c5 2. Nf3 Nc6 3. d4 cxd4 4. Nxd4 Nf6 5. Nc3 e5 6. Ndb5 d6 7. Nd5 Nxd5 8. exd5 Nb8 9. c4 Be7 10. Bd3 a6 11. Nc3 0-0 12. 0-0 f5 13. f3 Bg5 14. Qc2 Bxc1 15. Raxc1 Qg5 16. Rf2 Nd7 17. b4 a5 18. a3 axb4 19. axb4 Qe3 20. Rd1 Nf6 21. Kf1 Bd7 22. Re2 Qg5 23. Kg1 e4 24. fxe4 fxe4 25. Bxe4 Bg4 26. Nb5 Nxe4 27. Rxe4 Bxd1 28. Qxd1 Ra2 29. g3 Qf6 0-1

[Event "Subotica-ch op "]
[Site "Subotica"]
[Date "2007.02.26"]
[Round "4"]
[White "Mester, Robert"]
[Black "Tokovic, Svetozar"]
[Result "1/2-1/2"]
[WhiteElo "1971"]
[BlackElo "2278"]
[PlyCount "51"]
[EventDate "2007.02.19"]
[EventType "swiss"]
[EventRounds "9"]
[EventCountry "YUG"]
[SourceTitle "EXT 2008"]
[Source "ChessBase"]
[SourceDate "2007.11.25"]
[SourceVersion "1"]
[SourceVersionDate "2007.11.25"]
[SourceQuality "1"]

1. e4 e5 2. Nf3 Nc6 3. Bb5 a6 4. Ba4 Nf6 5. 0-0 Be7 6. Re1 b5 7. Bb3 0-0 8. a4 Bb7 9. d3 d6 10. Nbd2 Na5 11. Ba2 bxa4 12. c3 Bc6 13. Nf1 Rb8 14. Ne3 g6 15. Nd5 Nb3 16. Bxb3 axb3 17. Nxe7+ Qxe7 18. Rxa6 Qd7 19. Ra3 Rb7 20. Bg5 Nh5 21. Qd2 f5 22. Bh6 Ng7 23. Qe2 Re8 24. Bxg7 Kxg7 25. Nd2 Qf7 26. c4 1/2-1/2

[Event "Bajmok op 9th"]
[Site "Bajmok"]
[Date "2006.12.29"]
[Round "9"]
[White "Mester, Robert"]
[Black "Guzsvany, Arpad"]
[Result "0-1"]
[WhiteElo "1971"]
[BlackElo "2027"]
[PlyCount "22"]
[EventDate "2006.12.09"]
[EventType "swiss"]
[EventRounds "9"]
[EventCountry "SRB"]
[SourceTitle "EXT 2022"]
[Source "ChessBase"]
[SourceDate "2021.10.06"]
[SourceVersion "1"]
[SourceVersionDate "2021.10.06"]
[SourceQuality "1"]

1. e4 e5 2. Nf3 Nc6 3. Bc4 Nf6 4. Ng5 d5 5. exd5 Nd4 6. d6 Qxd6 7. Nxf7 Qc6 8. Nxh8 Qxg2 9. Rf1 Qe4+ 10. Qe2 Nxe2 11. Bxe2 Qd5 0-1

[Event "Bajmok op 9th"]
[Site "Bajmok"]
[Date "2006.12.27"]
[Round "7"]
[White "Mester, Robert"]
[Black "Aradski, Branislav"]
[Result "1/2-1/2"]
[WhiteElo "1971"]
[BlackElo "2014"]
[PlyCount "24"]
[EventDate "2006.12.09"]
[EventType "swiss"]
[EventRounds "9"]
[EventCountry "SRB"]
[SourceTitle "EXT 2022"]
[Source "ChessBase"]
[SourceDate "2021.10.06"]
[SourceVersion "1"]
[SourceVersionDate "2021.10.06"]
[SourceQuality "1"]

1. e4 d6 2. d4 g6 3. f4 Bg7 4. Nf3 Nf6 5. Nc3 c5 6. dxc5 Qa5 7. cxd6 Nxe4 8. dxe7 Nxc3 9. bxc3 Qxc3+ 10. Kf2 Nc6 11. Rb1 Qc5+ 12. Be3 Qxe7 1/2-1/2